000 00976nam a22002777a 4500
001 7801
003 FISKH
005 20250807143239.0
008 250806b cb ||||| |||| 00| 0 eng d
040 _aFISKH
_beng
_cFISKH
_dFISKH
050 _aPZ7.M64 E
082 _a823.912
100 _aMilne, A. A.
245 _aEeyore has a birthday :
_bA winnie the Pooh story book /
_cby A. A. Milne ; With decorations by Ernest H. Shepard
250 _aThis edition published in 1993
260 _aNew York :
_bDutton Children's Books,
_c1926
300 _a30 unnumbered pages :
_bcolor illustrations ;
_c20 cm
505 _aJ
520 _aBecause Eeyore feels ignored on his birthday, Pooh and Piglet attempt to provide a proper celebration.
521 8 _a500
_bLexile estimate
521 8 _aJ
_bRaz-Plus
650 _aChildren's Book
_vChildren's Fiction
_xPicture Book
700 _aShepard, Ernest H.
_eillustrator
942 _2ddc
_cBK
_n0
999 _c7801
_d7801